000 00303nam a22001337a 4500
008 170413b xxu||||| |||| 00| 0 eng d
020 _a0881678392
041 _aeng
080 _a618
100 _a10
101 _aSHM
245 _aPEDIATRICAND ADOLESCENT GYNECOLOGY
_cKOEHLER.S.E
942 _2udc
_cBK
999 _c10590
_d10590